UM Logo

The laws of courage: (Record no. 3039)

MARC details
000 -LEADER
fixed length control field 00490nam a22001577a 4500
008 - FIXED-LENGTH DATA ELEMENTS--GENERAL INFORMATION
fixed length control field 160604b xxu||||| |||| 00| 0 eng d
020 ## - INTERNATIONAL STANDARD BOOK NUMBER
International Standard Book Number 9784876883813
082 ## - DEWEY DECIMAL CLASSIFICATION NUMBER
Edition number 2009
Classification number DC 179.6
Item number Ok41l
100 ## - MAIN ENTRY--PERSONAL NAME
9 (RLIN) 10150
Personal name Okawa, Ryuho
245 ## - TITLE STATEMENT
Title The laws of courage:
Remainder of title unleash your true potential to open a path for the future/
Statement of responsibility, etc. Ryuho Okawa.
250 ## - EDITION STATEMENT
Edition statement 2nd Edition
260 ## - PUBLICATION, DISTRIBUTION, ETC. (IMPRINT)
Place of publication, distribution, etc. Tokyo:
Name of publisher, distributor, etc. IRH Press,
Date of publication, distribution, etc. c2009.
300 ## - PHYSICAL DESCRIPTION
Extent 208 pages;
Dimensions 19 cm.
650 #0 - SUBJECT ADDED ENTRY--TOPICAL TERM
9 (RLIN) 10152
Topical term or geographic name as entry element Courage
942 ## - ADDED ENTRY ELEMENTS (KOHA)
Source of classification or shelving scheme Dewey Decimal Classification
Koha item type Circulation
Holdings
Withdrawn status Lost status Source of classification or shelving scheme Damaged status Not for loan Collection code Home library Current library Shelving location Date acquired Source of acquisition Total Checkouts Full call number Barcode Date last seen Date last checked out Price effective from Koha item type
    Dewey Decimal Classification     Circulation UM Digos College - LIC UM Digos College - LIC Book Cart 03/01/2014 Donated 16 DC 179.6 Ok41l 2009 22296 03/27/2026 03/26/2026 06/04/2016 Circulation